Windows NT : the complete reference
Saved in:
| Main Author: | |
|---|---|
| Format: | Book |
| Language: | English |
| Published: |
Berkeley :
Osborne McGraw-Hill,
c1993
|
| Subjects: | |
| Tags: |
Add Tag
No Tags, Be the first to tag this record!
|
MARC
| LEADER | 00000cam a2200000 i 4500 | ||
|---|---|---|---|
| 001 | 1/22452 | ||
| 008 | 960710s1993 eng d | ||
| 020 | |a 007881832X | ||
| 035 | |l 10021903 | ||
| 040 | |a GR-MY-UA |b gre |e aacr | ||
| 041 | 0 | |a eng | |
| 082 | 0 | |a 005.4469 |2 (20) | |
| 100 | 1 | |a Wyatt, Allen. | |
| 245 | 1 | 0 | |a Windows NT : |b the complete reference / |c Allen L. Wyatt |
| 260 | |a Berkeley : |b Osborne McGraw-Hill, |c c1993 | ||
| 300 | |a xxvii, 658 σ.; |b εικ.; |c 23 cm | ||
| 504 | |a Περιέχει ευρετήριο | ||
| 650 | 0 | 0 | |a Operating systems (Computers) |
| 852 | |a INST |b CHIOS |e 19960710 |h 005.4469 WYA |p 005200003829 |q 005200003829 |t BK |y 0 | ||
| 909 | |a Χ |b 037319 | ||